000 01086cam a22002893a 4500
001 7956
003 PGUSA
005 20140828083150.0
008 050401s2005||||xxu|||||s|||||000 1 eng d
040 _aPGUSA
_beng
042 _adc
050 4 _aPT
100 1 _aStrindberg, August,
_d1849-1912
245 1 0 _aMarried
_h[electronic resource] /
_cAugust Strindberg
260 _bProject Gutenberg,
_c2005
505 0 _aAsra -- Love and bread -- Compelled to -- Compensation -- Frictions -- Unnatural selection -- An attempt at reform -- A natural obstacle -- A doll's house -- Phoenix -- Romeo and Julia -- Proflicacy -- Autumn -- Compulsory marriage -- Corinna -- Unmarried and married -- A duel -- His servant -- The breadwinner.
506 _aPublic domain in the USA.
516 _aElectronic text
653 _aMarriage -- Fiction
653 _aShort stories
653 _aSweden -- Fiction
700 1 _aSeltzer, Thomas,
_d1873-1943
740 0 _aGiftas. English
830 0 _aProject Gutenberg
_v7956
856 4 0 _uhttp://www.gutenberg.org/ebooks/7956
942 _cEB
999 _c237256
_d237256